Corporate performance in the East Asian financial crisis (Record no. 44803)

000 -LEADER
fixed length control field 00492pab a2200181 454500
008 - FIXED-LENGTH DATA ELEMENTS--GENERAL INFORMATION
fixed length control field 180718b2000 xxu||||| |||| 00| 0 eng d
100 ## - MAIN ENTRY--PERSONAL NAME
Personal name Claessens, Stijn
245 ## - TITLE STATEMENT
Title Corporate performance in the East Asian financial crisis
260 ## - PUBLICATION, DISTRIBUTION, ETC.
Date of publication, distribution, etc. 2000
300 ## - PHYSICAL DESCRIPTION
Extent p.23-46
362 ## - DATES OF PUBLICATION AND/OR SEQUENTIAL DESIGNATION
Dates of publication and/or sequential designation Feb
650 ## - SUBJECT ADDED ENTRY--TOPICAL TERM
Topical term or geographic name entry element Economic recession - East Asia
650 ## - SUBJECT ADDED ENTRY--TOPICAL TERM
Topical term or geographic name entry element Economic recession
700 ## - ADDED ENTRY--PERSONAL NAME
Personal name Xu, Lixin Colin
700 ## - ADDED ENTRY--PERSONAL NAME
Personal name Dijankov, Simeon
773 ## - HOST ITEM ENTRY
Main entry heading World Bank Research Observer
909 ## -
-- 44803
Holdings
Withdrawn status Lost status Damaged status Not for loan Permanent Location Current Location Date acquired Serial Enumeration / chronology Barcode Date last seen Price effective from Koha item type
        Indian Institute of Public Administration Indian Institute of Public Administration 2018-07-19 Volume no: 15, Issue no: 1 AR45216 2018-07-19 2018-07-19 Articles

Powered by Koha